000 00702nam a22002297a 4500
003 UA-OsUOA
001 95254
007 ta
008 20130226b un ||||| |||| 00| 0 ukr d
100 _aЖданов Н.
090 _a821.161.1
_bЖ42
942 _cBK
040 _aUA-OsUOA
_brus
_cUA-OsUOA
_dUA-OsUOA
245 _aКнига прозы
_bОктяберские были, рассказы, повести, роман из воспоминаний
300 _a640 с.
955 _a3
041 _arus
080 _a821.161.1
260 _aМ.
_bСоветский писатель
_c1984
650 7 _a82 Література. Літературознавство
_2UDC
999 _c381508
_d381508